<?xml version="1.0" encoding="UTF-8"?>
<collection xmlns="http://www.loc.gov/MARC21/slim">
<record>
  <controlfield tag="001">145455</controlfield>
  <controlfield tag="005">20260112133322.0</controlfield>
  <datafield tag="024" ind1="7" ind2=" ">
    <subfield code="2">doi</subfield>
    <subfield code="a">10.1016/j.fmc.2023.07.012</subfield>
  </datafield>
  <datafield tag="024" ind1="8" ind2=" ">
    <subfield code="2">sideral</subfield>
    <subfield code="a">140368</subfield>
  </datafield>
  <datafield tag="037" ind1=" " ind2=" ">
    <subfield code="a">ART-2024-140368</subfield>
  </datafield>
  <datafield tag="041" ind1=" " ind2=" ">
    <subfield code="a">spa</subfield>
  </datafield>
  <datafield tag="100" ind1=" " ind2=" ">
    <subfield code="a">Gimeno Feliu, Luis Andrés</subfield>
    <subfield code="u">Universidad de Zaragoza</subfield>
    <subfield code="0">(orcid)0000-0003-2928-6623</subfield>
  </datafield>
  <datafield tag="245" ind1=" " ind2=" ">
    <subfield code="a">Determinantes sociales de la salud: el elefante en la habitación</subfield>
  </datafield>
  <datafield tag="260" ind1=" " ind2=" ">
    <subfield code="c">2024</subfield>
  </datafield>
  <datafield tag="506" ind1="0" ind2=" ">
    <subfield code="a">Access copy available to the general public</subfield>
    <subfield code="f">Unrestricted</subfield>
  </datafield>
  <datafield tag="520" ind1="3" ind2=" ">
    <subfield code="a">La diferencia de esperanza de vida entre una persona del barrio de Lenzie Norte y otra de Calton en Glasgow (Escocia) es de unos 28 años. En España las diferencias también son importantes: de unos 7-8 años entre barrios tanto en Barcelona (Sant Gervasi y el Raval) como en Madrid (entre Alameda de Osuna y Sol)1. Y esta situación es generalizada para la mayoría de los problemas de salud, tanto agudos como crónicos. El riesgo de padecer un accidente cerebrovascular es el doble en personas que viven en barrios de clase social baja2. Lo mismo podemos decir de otras patologías como la enfermedad pulmonar obstructiva crónica (EPOC), la diabetes, el cáncer o más recientemente la COVID-193, 4, 5, 6. Tras un diagnóstico de enfermedad crónica, en personas con un nivel socioeconómico bajo, el riesgo de que no inicien ningún tipo de actividad física se multiplica por más de cuatro. Asimismo, su riesgo de seguir fumando se duplica7. Estas diferencias son enormes, mucho mayores que las que habitualmente se exponen por causas como la HTA u otras, desde un enfoque biomédico exclusivo. Sin embargo, pocas veces las tenemos en cuenta. Son el elefante (del que nadie habla) dentro de la habitación.</subfield>
  </datafield>
  <datafield tag="540" ind1=" " ind2=" ">
    <subfield code="9">info:eu-repo/semantics/openAccess</subfield>
    <subfield code="a">All rights reserved</subfield>
    <subfield code="u">http://www.europeana.eu/rights/rr-f/</subfield>
  </datafield>
  <datafield tag="592" ind1=" " ind2=" ">
    <subfield code="a">0.112</subfield>
    <subfield code="b">2024</subfield>
  </datafield>
  <datafield tag="593" ind1=" " ind2=" ">
    <subfield code="a">Gastroenterology</subfield>
    <subfield code="c">2024</subfield>
    <subfield code="d">Q4</subfield>
  </datafield>
  <datafield tag="593" ind1=" " ind2=" ">
    <subfield code="a">Community and Home Care</subfield>
    <subfield code="c">2024</subfield>
    <subfield code="d">Q4</subfield>
  </datafield>
  <datafield tag="594" ind1=" " ind2=" ">
    <subfield code="a">0.2</subfield>
    <subfield code="b">2024</subfield>
  </datafield>
  <datafield tag="655" ind1=" " ind2="4">
    <subfield code="a">info:eu-repo/semantics/other</subfield>
    <subfield code="v">info:eu-repo/semantics/acceptedVersion</subfield>
  </datafield>
  <datafield tag="700" ind1=" " ind2=" ">
    <subfield code="a">Robles Pellitero, Sandra</subfield>
  </datafield>
  <datafield tag="710" ind1="2" ind2=" ">
    <subfield code="1">1007</subfield>
    <subfield code="2">610</subfield>
    <subfield code="a">Universidad de Zaragoza</subfield>
    <subfield code="b">Dpto. Medicina, Psiqu. y Derm.</subfield>
    <subfield code="c">Area Medicina</subfield>
  </datafield>
  <datafield tag="773" ind1=" " ind2=" ">
    <subfield code="g">31, 8 (2024), 391-395</subfield>
    <subfield code="p">FMC, Form. méd. contin. aten. prim.</subfield>
    <subfield code="t">FMC Formacion Medica Continuada en Atencion Primaria</subfield>
    <subfield code="x">1134-2072</subfield>
  </datafield>
  <datafield tag="856" ind1="4" ind2=" ">
    <subfield code="s">509340</subfield>
    <subfield code="u">http://zaguan.unizar.es/record/145455/files/texto_completo.pdf</subfield>
    <subfield code="y">Postprint</subfield>
  </datafield>
  <datafield tag="856" ind1="4" ind2=" ">
    <subfield code="s">2616399</subfield>
    <subfield code="u">http://zaguan.unizar.es/record/145455/files/texto_completo.jpg?subformat=icon</subfield>
    <subfield code="x">icon</subfield>
    <subfield code="y">Postprint</subfield>
  </datafield>
  <datafield tag="909" ind1="C" ind2="O">
    <subfield code="o">oai:zaguan.unizar.es:145455</subfield>
    <subfield code="p">articulos</subfield>
    <subfield code="p">driver</subfield>
  </datafield>
  <datafield tag="951" ind1=" " ind2=" ">
    <subfield code="a">2026-01-12-13:07:22</subfield>
  </datafield>
  <datafield tag="980" ind1=" " ind2=" ">
    <subfield code="a">ARTICLE</subfield>
  </datafield>
</record>
</collection>